Flat Stanley / (Registro nro. 10028)

Detalles MARC
000 -LEADER
fixed length control field 00792nam a2200313 i 4500
001 - CONTROL NUMBER
control field 007197
003 - CONTROL NUMBER IDENTIFIER
control field DO-SdBNP
005 - DATE AND TIME OF LATEST TRANSACTION
control field 20180222115349.0
007 - PHYSICAL DESCRIPTION FIXED FIELD--GENERAL INFORMATION
fixed length control field 007197
008 - FIXED-LENGTH DATA ELEMENTS--GENERAL INFORMATION
fixed length control field 871214s1998 sp spa
015 ## - NATIONAL BIBLIOGRAPHY NUMBER
National bibliography number
016 7# - NATIONAL BIBLIOGRAPHIC AGENCY CONTROL NUMBER
Record control number
Canceled/invalid record control number
Source BPMSU
017 ## - COPYRIGHT OR LEGAL DEPOSIT NUMBER
Copyright or legal deposit number
Assigning agency
020 ## - INTERNATIONAL STANDARD BOOK NUMBER
International Standard Book Number 0590675230
035 ## - SYSTEM CONTROL NUMBER
System control number
040 ## - CATALOGING SOURCE
Original cataloging agency BPMSU
Language of cataloging spa
Transcribing agency BPMSU
Description conventions
080 #0 - UNIVERSAL DECIMAL CLASSIFICATION NUMBER
Universal Decimal Classification number
100 1# - MAIN ENTRY--PERSONAL NAME
Personal name Brown, Jeff
240 10 - UNIFORM TITLE
Uniform title <a href="Flat Stanley.">Flat Stanley.</a>
Language of a work Español
245 10 - TITLE STATEMENT
Title Flat Stanley /
Statement of responsibility, etc. Jeff Brown ; ilustraciones Steve Bjorkman.
Medium
260 1# - PUBLICATION, DISTRIBUTION, ETC. (IMPRINT)
Place of publication, distribution, etc. New York :
Name of publisher, distributor, etc. Scholastic,
Date of publication, distribution, etc. 1986.
300 ## - PHYSICAL DESCRIPTION
Extent 57 p. :
Other physical details il. ;
Dimensions 18 cm.
500 ## - GENERAL NOTE
General note
700 12 - ADDED ENTRY--PERSONAL NAME
Personal name Bjorkman,Steve,
Relator term il.
Dates associated with a name
700 ## - ADDED ENTRY--PERSONAL NAME
Personal name
942 ## - ADDED ENTRY ELEMENTS (KOHA)
Source of classification or shelving scheme Dewey Decimal Classification
Koha item type Libros
945 ## - LOCAL PROCESSING INFORMATION (OCLC)
a Inventariado, 2018 /LP
956 ## - LOCAL ELECTRONIC LOCATION AND ACCESS (OCLC)
Host name VMATEO
Access method 10
Materials specified 20160509
Linkage BPMSU
Field link and sequence number 0069
Existencias
Withdrawn status Lost status Source of classification or shelving scheme Damaged status Not for loan Collection code Home library Current library Date acquired Source of acquisition Total Checkouts Barcode Date last seen Price effective from Koha item type
    Dewey Decimal Classification     Colección Infantil General Biblioteca Pública Metropolitana Salomé Ureña Biblioteca Pública Metropolitana Salomé Ureña 05/09/2016 Fundación Educativa y Cultural (FUNDI)   BPMSU16050155 05/09/2016 05/09/2016 Libros